Acta Médica Costarricense / (Record no. 10986)
[ view plain ]
| 000 -LEADER | |
|---|---|
| fixed length control field | 01307nas a22002897a 4500 |
| 005 - DATE AND TIME OF LATEST TRANSACTION | |
| control field | 20250619125632.0 |
| 007 - PHYSICAL DESCRIPTION FIXED FIELD--GENERAL INFORMATION | |
| fixed length control field | cr |
| 008 - FIXED-LENGTH DATA ELEMENTS--GENERAL INFORMATION | |
| fixed length control field | 250617c1957 cr |n|p| |||| 00| 0 spa d |
| 022 ## - INTERNATIONAL STANDARD SERIAL NUMBER | |
| International Standard Serial Number | 00016012 (impresa) |
| 022 ## - INTERNATIONAL STANDARD SERIAL NUMBER | |
| International Standard Serial Number | 22155856 (en línea) |
| 040 ## - CATALOGING SOURCE | |
| Transcribing agency | AR-FvUNAJ |
| 245 10 - TITLE STATEMENT | |
| Title | Acta Médica Costarricense / |
| Statement of responsibility, etc | Colegio de médicos y cirujanos de Costa Rica. |
| 260 ## - PUBLICATION, DISTRIBUTION, ETC. (IMPRINT) | |
| Place of publication, distribution, etc | SanJosé (Costa Rica) : |
| Name of publisher, distributor, etc | Colegio de médicos y cirujanos de Costa Rica, |
| Date of publication, distribution, etc | 1957 - |
| 300 ## - PHYSICAL DESCRIPTION | |
| Extent | Impresa y digital |
| 310 ## - CURRENT PUBLICATION FREQUENCY | |
| Current publication frequency | Trismestral |
| 362 ## - DATES OF PUBLICATION AND/OR SEQUENTIAL DESIGNATION | |
| Dates of publication and/or sequential designation | Vol. 1. No. 1 (1957) - |
| 515 ## - NUMBERING PECULIARITIES NOTE | |
| Numbering peculiarities note | La publicación fue discontinuada a inicios de la década de 1990, pero volvió a editarse a partir del año 1995 y retomó su numeración. Posteriormente también implementó una versión en línea disponible en su sitio web. |
| 650 27 - SUBJECT ADDED ENTRY--TOPICAL TERM | |
| Source of heading or term | decs |
| 9 (RLIN) | 5771 |
| Topical term or geographic name as entry element | MEDICINA CLINICA |
| 650 27 - SUBJECT ADDED ENTRY--TOPICAL TERM | |
| Source of heading or term | decs |
| 9 (RLIN) | 151 |
| Topical term or geographic name as entry element | SALUD PUBLICA |
| 650 27 - SUBJECT ADDED ENTRY--TOPICAL TERM | |
| Source of heading or term | decs |
| 9 (RLIN) | 150 |
| Topical term or geographic name as entry element | EPIDEMIOLOGIA |
| 710 2# - ADDED ENTRY--CORPORATE NAME | |
| 9 (RLIN) | 21533 |
| Corporate name or jurisdiction name as entry element | Colegio de médicos y cirujanos (San José de Costar Rica) |
| 856 41 - ELECTRONIC LOCATION AND ACCESS | |
| Uniform Resource Identifier | <a href="https://actamedica.medicos.cr/index.php/Acta_Medica/index">https://actamedica.medicos.cr/index.php/Acta_Medica/index</a> |
| 856 41 - ELECTRONIC LOCATION AND ACCESS | |
| Uniform Resource Identifier | <a href="https://actamedica.medicos.cr/index.php/Acta_Medica/article/view/23/19">https://actamedica.medicos.cr/index.php/Acta_Medica/article/view/23/19</a> |
| Link text | Errores médicos (Medical Errors) |
| 869 ## - Existencias | |
| Año | ---- |
| 942 ## - ADDED ENTRY ELEMENTS (KOHA) | |
| Source of classification or shelving scheme | Dewey Decimal Classification |
| Item type | Revista electrónica |
| 980 ## - EQUIVALENCE OR CROSS-REFERENCE-SERIES STATEMENT--PERSONAL NAME/TITLE [LOCAL, CANADA] | |
| Linkage | 19227 |
| Personal name | Leticia Ana Abalos |
| Field link and sequence number | 19227 |
| Miscellaneous information | Leticia Ana Abalos |
| Withdrawn status | Lost status | Source of classification or shelving scheme | Damaged status | Not for loan | Collection code | Home library | Current library | Date acquired | Total Checkouts | Date last seen | Uniform Resource Identifier | Price effective from | Koha item type | Serial Enumeration / chronology |
|---|---|---|---|---|---|---|---|---|---|---|---|---|---|---|
| Dewey Decimal Classification | Acceso en línea | Revistas | Biblioteca Central | Biblioteca Central | 17/06/2025 | 17/06/2025 | https://actamedica.medicos.cr/index.php/Acta_Medica/issue/archive | 17/06/2025 | Revista electrónica | |||||
| Dewey Decimal Classification | Acceso en línea | Revistas | Biblioteca Central | Biblioteca Central | 19/06/2025 | 19/06/2025 | https://actamedica.medicos.cr/index.php/Acta_Medica/issue/view/2 | 19/06/2025 | Revista electrónica | Vol. 51, No. 1 (2009) |